00658nam a22001697a 4500003000900000008003900009040007100048082002300119100001200142245003500154260003900189300002900228505012700257650003000384650003000414700004400444AR-CdUCM190312b ||||| |||| 00| 0 spa aMUNICIPALIDAD PROVINCIAL DEL CUSCOcBIBLIOTECA MUNICIPAL DEL CUSCO a119.7 /bSP7523ed aSpinoza aLa Reforma del Entendimiento / aBuenos Aires :bM. Aguilar,c1961. a87 páginas ;c15.5 cm. aContenido: Tratado de la reforma del entendimiento y del camino mas apropiado para un verdadero conocimiento de las cosas. aReforma del entendimiento aConocimiento de las cosas aBiblioteca de iniciación filosófica